00471nam a2200193 a 4500001001300000003000900013005001700022008004100039020002300080082001500103100001700118245001200135260004800147300000800195500003500203505001000238650001200248700001700260nice12345678IN_TiNIC20260116012214.0050524s1977 lona grp 000 0 eng  a0706273 c10000a294.6bCOL aCole, W Owen aSikhism aLondonbWard Lock Educational Limitedc1977 a48p aincludes index and biblioraphy2 aindex aSikhism1 aCole, W Owen